|
|
|
|
| LEADER |
00000nab a2200000 a 4500 |
| 001 |
vtls000509756 |
| 003 |
SK-MaSNL |
| 005 |
20260304030515.0 |
| 008 |
220422c1993 xo 0 slo |
| 015 |
|
|
|a SNBRB19rr/mm-uuuuu
|
| 035 |
|
|
|a CL0509894
|
| 040 |
|
|
|a SNKBUCL
|b slo
|c SNKBUCL
|e AACR2
|
| 041 |
0 |
|
|a slo
|
| 044 |
|
|
|a xo
|c SK
|
| 080 |
|
|
|a 616.62
|2 1981
|
| 245 |
0 |
0 |
|a Možnosti elektrostimulácie močového mechúra
|c Ján Breza, Peter Zvara, Braňo Klaučo, Vladimír Zvara
|
| 300 |
|
|
|b Obr. 4, res. angl., slov., lit. 17 zázn. v angl., nem.
|
| 650 |
0 |
7 |
|a močový mechúr
|2 snkbucl
|9 70115
|
| 650 |
0 |
7 |
|a neurostimulácia
|2 snkbucl
|9 22313
|
| 650 |
0 |
7 |
|a elektrostimulácia
|2 snkbucl
|9 932549
|
| 655 |
|
7 |
|a články z novín a časopisov
|2 snkbucl
|9 267496
|
| 700 |
1 |
|
|a Breza, Ján,
|d 1948-
|4 aut
|9 101413
|
| 700 |
1 |
|
|a Zvara, Peter
|4 aut
|9 1182286
|
| 700 |
1 |
|
|a Klaučo, Braňo
|4 aut
|9 1308883
|
| 700 |
1 |
|
|a Zvara, Vladimír,
|d 1924-2012
|4 aut
|9 190008
|
| 773 |
0 |
|
|t Bratislavské lekárske listy
|g Roč. 94, č. 8 (1993), s. 435-438
|
| 850 |
|
|
|a Slovenská národná knižnica v Martine
|a MTA001
|
| 852 |
|
|
|a SNK
|b KIS3GCP
|
| 958 |
|
|
|a NB
|
| 958 |
|
|
|a RK
|
| 958 |
|
|
|a MI
|
| 992 |
|
|
|a RBX
|
| 999 |
|
|
|c 2634418
|d 2636348
|